000 00580nam a2200217Ia 4500
005 20250508164537.0
008 008 250505s9999 xx 000 0 eng d
037 _aTextual
040 _aFEDL
_beng
_cFEDL
041 _aeng
_2eng
084 _a370.15, LAW
_qFEDL
100 _aLawrence
245 0 _aHow to help your child succeed at school
260 _aNew Delhi, India
_bParichay Overseas
300 _a144p.
365 _aINR
_b25
546 _aMACESE
650 _aEducational psychology
942 _cTEXL
_h370.15, LAW
999 _c1389704
_d1389704